LEADER 02777nam0 2200397 450 001 000024386 005 20221028095954.0 012 $ataoa 6.le i.m- addi (7) 1828 (A)$2fei$5UNIPARTHENOPE (Pt. 1.1) 012 $a.1.1 die- i.uo ovCo (7) 1828 (A)$2fei$5UNIPARTHENOPE (Pt. 1.2) 012 $ae-io 2.r- mo;e ci(3 (3) 1830 (A)$2fei$5UNIPARTHENOPE (Pt. 2) 100 $a20090313g18281830km-y0itay50------ba 101 0 $aita 102 $aIT 140 $aa---aj--ega------yyybb0000-- 141 $au--b1bb-$5UNIPARTHENOPE-------------------------------------------------------------- 200 1 $aItinerario per lo regno delle Due Sicilie di Giuseppe Francioni Vespoli ... parte prima [-seconda] 210 $aNapoli$cdalla stamperia francese$d1828-1830 215 $a3 v.$d12° 307 $aSegnatura Pt. 1.1: [1]-7/12 8/2 307 $aSegnatura Pt. 1.2: [1]-8/12 307 $aSegnatura Pt. 2: : [pigreco]4 1-7/12 [chi]4 316 $aLe tre pt. legate in un solo tomo; Legatura in quarto di pelle su piatti di catone ricoperti di c. dec. (17x11x4 cm); dorso A., tit. e filetti impressi in oro; ivi, inoltre, etichette con antiche segnature; foxing$5UNIPARTHENOPE 317 $aSulla controguardia ant. antiche segnature mss.: 46 i 2 [n.i.]; Clas XI 91 Ingres 4091 del Registro inventario della Regia Marina Biblioteca dipartimentale di Napoli; ivi, inoltre, II S VI 27 [n.i.]; etichetta dell'IUN; sul r. della c. di g. ant. antica segnatura ms.: 3L-I-35 [n.i.]; class. Dewey dell'IUN: 945.207; timbro A della Reale Biblioteca di Marina$5UNIPARTHENOPE 327 1 $aPt. 1.1: Reali domini di qua dal faro. - 1828. - 170, [2] p., [1] c. geogr. ripieg., [1] c. di tab. : ill.$aPt. 1.2: Reali domini di qua dal faro. - 1828. - 188, [4] p., [3] c. geogr. ripieg. : ill.$aPt. 2: Reali domini di la dal faro. - presso Cataneo, Fernandes e Comp., 1830. - [8], 171, [5] p., [3] c. di tav. ripieg., [1] c. di tab. : ill.$aDigitalizzazione delle Pt. 1.1 e 1.2, disponibile presso la Harvard University, a cura di Google:$uhttp://books.google.it/books?id=y9cNAAAAYAAJ&pg=RA1-PA194&dq=Itinerario+per+lo+regno+delle+Due+Sicilie+di+Giuseppe+Francioni+Vespoli&ei=ISC6ScDPJJWyyQT9kq3RCw#PPA7,M1 500 10$aItinerario per lo regno delle Due Sicilie$945341 620 $aItalia$dNapoli 676 $a945.70832$v21$9STORIA. ITALIA MERIDIONALE. 1815-1830 700 1$aFrancioni Vespoli,$bGiuseppe$038338 712 02$aStamperia Francese $4650 712 02$aCataneo & Fernandes & Comp.$4650 712 02$aDue Sicilie : Ministero della guerra e della marina$4390 801 0$aIT$bUNIPARTHENOPE$c20090313$gRICA$2UNIMARC 912 $a000024386 951 $aBORB-O/97$b4091$cFB$d2009 996 $aItinerario per lo regno delle Due Sicilie$945341 997 $aUNIPARTHENOPE LEADER 01678nam 22004933 450 001 9911038525003321 005 20251102110024.0 010 $a9781394352869 035 $a(CKB)41826617900041 035 $a(MiAaPQ)EBC32379030 035 $a(Au-PeEL)EBL32379030 035 $a(CaSebORM)9781394352852 035 $a(OCoLC)1549522537 035 $a(OCoLC)1547694514 035 $a(OCoLC-P)1547694514 035 $a(EXLCZ)9941826617900041 100 $a20251031d2025 uy 0 101 0 $aeng 135 $aur||||||||||| 181 $ctxt$2rdacontent 182 $cc$2rdamedia 183 $acr$2rdacarrier 200 10$aRunning Windows Server 2025 on Microsoft Azure 205 $a1st ed. 210 1$aNewark :$cJohn Wiley & Sons, Incorporated,$d2025. 210 4$dİ2026. 215 $a1 online resource (483 pages) 225 1 $aTech Today Series 311 08$a9781394352852 330 $aArchitect, migrate, and manage Windows Server on Azure In Running Windows Server 2025 on Microsoft Azure, 5-time Microsoft MVP, William Panek, walks you through the migration of business-critical Windows Server workloads to Azure while ensuring hybrid cloud agility and advanced security. 410 0$aTech Today Series 606 $aMicrosoft Azure (Computing platform) 606 $aCloud computing 615 0$aMicrosoft Azure (Computing platform) 615 0$aCloud computing. 676 $a004.67/82 700 $aPanek$b William$01594133 801 0$bMiAaPQ 801 1$bMiAaPQ 801 2$bMiAaPQ 906 $aBOOK 912 $a9911038525003321 996 $aRunning Windows Server 2025 on Microsoft Azure$94453925 997 $aUNINA